000 00398nam a2200133Ia 4500
008 151001s9999||||xx |||||||||||||| ||und||
100 _aजयंत साळगावकर
245 _aगणाधीश जो ईश
250 _a1
260 _bसुमंगल पब्लिकेशन कंपनी मुंबई
260 _c2002
300 _a216
365 _b21
999 _c989425
_d989422